000 00328nam a2200145Ia 4500
100 _aVarghese/ C.D.
490 _v20
942 _cBK
654 _aElectroplating
245 _aElectroplating & other Surface Treatments
260 _bTata Mc Graw hill
_aNew Delhi
_c1993
300 _a713
546 _aENGLISH
999 _c34355
_d34355